Quizzes
Events
Quiz Creation
Community
Videos
Private Events
Remove Ads
Sign In
Join for FREE
Feedback
Dark Mode
Quiz Categories
Sports
Geography
Music
Movies
Television
Just For Fun
Miscellaneous
History
Literature
Language
Science
Gaming
Entertainment
Religion
Holiday
For Kids
Quiz Lab
Recent
Popular Today
Quiz Kudos Today
Editor Picks
Curator Picks
Quizzes by...
Day
Popularity
Type
Ratings
Length
Year
Community
Subscriptions
Recent Discussions
Orange Saloon
Badges
Playlists
Quests
Create
Leaderboards
Showdown
Live 5
Trivia Bingo
Activity
Puzzle Library
Sporcle Events
Private Events
Virtual Trivia
Globe League
Become a Host
Pub Owners
SporcleCon
Opinionation
Our Games
Videos
Blog
Mobile Apps
Partnerships
Remove Ads and Go Orange
Feedback
History
US Presidents
World Leaders
Politics
Nation
Discovery
War
Decade
Year
Century
Biography
Art
History
US Presidents
World Leaders
Politics
Nation
Discovery
War
Decade
Year
Century
Biography
Art
Random Quiz
Search Sporcle
×
Quiz Lab
Quiz Lab
History
US Presidents
Type in answers that appear in a list
Type in answers that appear in a list
Classic
Best Score? Go Orange.
Which President said which quote? Stats
Can you name the the President that said each quote??
By
krazykate52416
10m
20 Questions
69 Plays
69 Plays
69 Plays
Comments
Comments
Give Quiz Kudos
Give Quiz Kudos
-
- Ratings
hide this ad
Replay
Link that replays current quiz
Next Quiz
Link to next quiz in quiz playlist
You Got
0%
They Got
Avg Score
67%
Avg Friend Score
Upgrade to see
Score Distribution
Jump to the score distribution portion of the page
Score
0/20
Timer
10:00
0
Plays Today
Quote
President
% Correct
'Mr. Gorbachev, tear down this wall.'
Ronald Reagan
95.7%
'The tree of liberty must be refreshed from time to time with the blood of patriots and tyrants.'
Thomas Jefferson
81.2%
'Liberty, when it begins to take root, is a plant of rapid growth.'
George Washington
78.3%
'If slavery is not wrong, nothing is wrong.'
Abraham Lincoln
78.3%
'There's an old saying in Tennessee — I know it's in Texas, probably in Tennessee — that says, fool me once, shame on — shame on you. Fool me — you can't get fooled again.'
George W. Bush
76.8%
'The only man who makes no mistake is the man who does nothing'
Theodore Roosevelt
73.9%
'Change will not come if we wait for some other person or some other time. We are the ones we've been waiting for. We are the change that we seek.'
Barack Obama
73.9%
'A pen is certainly an excellent instrument to fix a man's attention and to inflame his ambition.'
John Adams
72.5%
'There is nothing wrong in America that can't be fixed with what is right in America.'
Bill Clinton
72.5%
' A man is not finished when he is defeated. He is finished when he quits.'
Richard Nixon
69.6%
Quote
President
% Correct
'We need not fear the expression of ideas—we do need to fear their suppression.'
Harry Truman
66.7%
'America is best described by one word, freedom.'
Dwight Eisenhower
66.7%
' The best form of government is that which is most likely to prevent the greatest sum of evil.'
James Monroe
65.2%
' Victory has a thousand fathers, but defeat is an orphan.'
John F. Kennedy
62.3%
'The goal to strive for is a poor government but a rich people. '
Andrew Johnson
58%
'In the time of darkest defeat, victory may be nearest.'
William McKinley
56.5%
'The test of leadership is not to put greatness into humanity, but to elicit it, for the greatness is already there. '
James Buchanan
53.6%
'Peace is not made at the Council table or by treaties, but in the hearts of men.'
Herbert Hoover
52.2%
'Don't write so that you can be understood, write so that you can't be misunderstood. '
William Howard Taft
50.7%
'One great object of the Constitution was to restrain majorities from oppressing minorities or encroaching upon their just rights.'
James Polk
44.9%
Quiz Playlist
Details
Report
Send in Message
Add To Playlist
Classic:
Type in answers that appear in a list
Last Updated: Feb 16, 2017
Quiz Scoreboard
CHALLENGE
Sign Up to Join the Scoreboard
Show All
Scores
Hide
Comments
May contain spoilers
Recently Published
College Basketball Coaching Resumes
by pancakes188
Sports
9m
Billboard Blitz: Fleetwood Mac
by CooCooCachoo
Music
15s
Presidents Visiting Landmarks
by Hejman
History
7m
More to Explore
Quiz From the Vault
Featured Blog Post
Where Did the Easter Bunny Come From?
hide this ad
You Might Also Like...
Tags
Politics Quiz
Quote Quiz
United States Quiz
US Presidents Quiz
America
Barack Obama
George Washington
Politician
Thomas Jefferson
Today's Top Quizzes in History
Browse History
hide this ad
Today's Top Quizzes in US Presidents
Browse US Presidents
Top Contributed Quizzes in History
1
Popular People in 1991
2
Popular People in 1981
3
Popular People in 1951
4
Popular People in 1941
5
Popular People in 1986
6
Popular People in 1976
7
Popular People in 1921
8
I Am Born On March 28th
9
5-to-1: 20th Century Images of War
10
Popular People in 1946
Explore More
Trending Topics
Harry Potter
Disney
NBA
Marvel
Crossword
Anime
Kpop
The Office
Pokémon
WWE
Song
NFL
Soccer
Country
Puzzle
hide this ad
More By:
krazykate52416
Quiz
Plays
Rating
Category
Featured
Created
Best Paid Celebrities Under 30 of 2011
96
3.00
Entertainment
Jan 12, 2012
Which President said which quote?
69
1.00
History
Sep 19, 2012
Go to Creator's Profile
Score Distribution
Quiz Creator Spotlight
krazykate52416
Follow
Send a Message
Quizzes Created
-
Created Quiz Play Count
-
More By This Creator
Popular Quizzes Today
1
Find the US States - No Outlines Minefield
2
Find the Countries of Europe - No Outlines Minefield
3
The Countries of the World
4
Find the US States
5
Risky Map Clicking: Biggest States A-Z
6
US States
7
Popular People in 1961
8
Movies - When Are They Set?
More History Quizzes
U.S. Presidents in Hats
Quiz Lab
Trending Quizzes
Risky Map Clicking: Least Populous States A-Z
1-10 Letter G Words
1-10 Letter F Words
Risky Map Clicking: Next State Alphabetically
Risky Map Clicking: Biggest States A-Z
Recently Updated
Leaping Animals
pecheneg
Reality TV Shows (A-Z)
bhenderson79
Rickey Henderson's Hall of Fame Teammates
pecheneg
Champions League XIs: Arsenal
pecheneg
Quick Pick: Celebrities in WWE's Hall of Fame
aduchscher
A-Z Keypad Blitz II
pecheneg
Multiple Oscar Actors
pecheneg
Mystery Phrase Blitz: Oscar 'Best Actors'
pecheneg
F. Scott Fitzgerald Novels
LTH
Pick 3 Villains
ddd62291
Trending Topics
Marvel
Anime
Disney
NBA
Harry Potter
Crossword
Kpop
Soccer
Puzzle
Pokémon
NFL
Country
WWE
Song
The Office
Your Account Isn't Verified!
In order to create a playlist on Sporcle, you need to verify the email address you used during registration. Go to your
Sporcle Settings
to finish the process.
Report this User
Report this user for behavior that violates our
Community Guidelines
.
Details:
Send Report
Go to the Sporcle.com Mobile Site →
Comments